01533nam a22002897a 4500003000400000005001700004008004100021040002200062082001800084100003000102245019300132246016900325246019700494260010600691300004900797490001500846650004300861650004800904650004100952700003700993700003601030700003401066700003701100700003401137700003801171700003401209OSt20230201160011.0221006b |||||||| |||| 00| 0 eng d cBiblioteca Lado V a701.18bB671p aBoehler, Guillermoeautor a¿Por dónde empezar?¿Qué estoy leyendo?¿Cuál es mi agenda y dónde nos podemos encontrar?¿Cuáles son nuestras direcciones?¿Qué estamos pensando?¿Qué nos parece urgente?-/ aWhere to begin? What am I reading? What is my agenda and where can we meet? Which are our directions? What are we thinking about? What seems to be most urgent now?/ aPar où commencer? Qu'est-ce que je lis? Quel est mon agenda et où pouvons-nous nous rencontrer? Quelles sont nos directions? Qu'est-ce quw nous pensons? Qu'est-ce qui nous parait urgent?/ aCosta RicabTEOR/ética bLado V-Centro de documentación y estudiobArts Collaboratory, Doenc2018 c28x22cma30p.b3 tomos en diferentes idiomas vvolumen II 02Tesauro de Arte & ArquitecturaaTEORIA 2Tesauro de Arte & ArquitecturaaMETODOLOGIA 2Tesauro de Arte & ArquitecturaaARTE aChaves, Fernandoe(Colaboradora) aCordero, Ingride(Colaboradora) aCordero, Laurae(Colaborador) aDe la O, Vanessae(Colaboradora) aMora, Danielae(Colaboradora) aOtarola, Mauricioe(Colaboradora) aPiedra, Paulae(Colaboradora)